Encyclopedia of emulsion technology. V 1 (Record no. 38942)

MARC details
000 -LEADER
fixed length control field 00291nam a2200109Ia 4500
082 ## - DEWEY DECIMAL CLASSIFICATION NUMBER
Classification number 66.063.6(031)
Item number BER.1;1
245 #0 - TITLE STATEMENT
Title Encyclopedia of emulsion technology. V 1
260 ## - PUBLICATION, DISTRIBUTION, ETC. (IMPRINT)
Place of publication New York
Name of publisher Dekker
Year of publication 1983
700 ## - ADDED ENTRY--PERSONAL NAME
Personal name Becher, Paul
942 ## - ADDED ENTRY ELEMENTS (KOHA)
Koha item type Books
Holdings
Withdrawn status Lost status Damaged status Not for loan Home library Current library Date acquired Cost, normal purchase price Full call number Accession Number Koha item type
        RRII Library RRII Library 16/12/2021 114.00 66.063.6(031) BER.1;1 19292 Books